| 000 -LEADER | |
|---|---|
| fixed length control field | 01117cam a2200253 a 4500 |
| 001 - CONTROL NUMBER | |
| control field | 16841652 |
| 005 - DATE AND TIME OF LATEST TRANSACTION | |
| control field | 20250224105845.0 |
| 008 - FIXED-LENGTH DATA ELEMENTS--GENERAL INFORMATION | |
| fixed length control field | 110622s2012 enka b 001 0 eng |
| 010 ## - LIBRARY OF CONGRESS CONTROL NUMBER | |
| LC control number | 2011025051 |
| 020 ## - INTERNATIONAL STANDARD BOOK NUMBER | |
| International Standard Book Number | 9780521172165 (pbk.) |
| 035 ## - SYSTEM CONTROL NUMBER | |
| System control number | (DNLM)101563194 |
| 040 ## - CATALOGING SOURCE | |
| Original cataloging agency | DNLM/DLC |
| Transcribing agency | DLC |
| Modifying agency | DLC |
| 042 ## - AUTHENTICATION CODE | |
| Authentication code | pcc |
| 050 00 - LIBRARY OF CONGRESS CALL NUMBER | |
| Classification number | QH505 |
| Item number | .D55 2012 |
| 060 10 - NATIONAL LIBRARY OF MEDICINE CALL NUMBER | |
| Classification number | QT 34 |
| 082 00 - DEWEY DECIMAL CLASSIFICATION NUMBER | |
| Classification number | 571.4 |
| Edition information | 23 |
| 100 1# - MAIN ENTRY--PERSONAL NAME | |
| Personal name | Dillon, Patrick F., |
| Dates associated with a name | 1951- |
| 9 (RLIN) | 5307 |
| 245 10 - TITLE STATEMENT | |
| Title | Biophysics : |
| Remainder of title | a physiological approach / |
| Statement of responsibility, etc. | Patrick F. Dillon. |
| 260 ## - PUBLICATION, DISTRIBUTION, ETC. | |
| Place of publication, distribution, etc. | Cambridge ; |
| -- | New York : |
| Name of publisher, distributor, etc. | Cambridge University Press, |
| Date of publication, distribution, etc. | 2012. |
| 300 ## - PHYSICAL DESCRIPTION | |
| Extent | xvi, 298 p. : |
| Other physical details | ill. ; |
| Dimensions | 26 cm. |
| 504 ## - BIBLIOGRAPHY, ETC. NOTE | |
| Bibliography, etc. note | Includes bibliographical references and index. |
| 505 0# - FORMATTED CONTENTS NOTE | |
| Formatted contents note | The energy around us -- Molecular contacts -- Diffusion and directed transport -- Energy production -- Force and movement -- Load bearing -- Fluid and air flow -- Biophysical interfaces : surface tension and membrane structural properties -- Membrane electrical properties -- Agonist activation and analysis -- Stability, complexity and non-linear systems. |
| 650 12 - SUBJECT ADDED ENTRY--TOPICAL TERM | |
| Topical term or geographic name entry element | Biophysical Phenomena. |
| 9 (RLIN) | 5308 |
| Withdrawn status | Lost status | Source of classification or shelving scheme | Damaged status | Not for loan | Home library | Current library | Date acquired | Cost, normal purchase price | Total checkouts | Full call number | Barcode | Date last seen | Price effective from | Koha item type |
|---|---|---|---|---|---|---|---|---|---|---|---|---|---|---|
| Dewey Decimal Classification | KCST Library | KCST Library | 13/10/2021 | 26.00 | 571.4 Di Bi | 1000000882 | 13/10/2021 | 13/10/2021 | Book |